GeoGuessr Camera Coverage - Statistics

General Stats
  • This quiz has been taken 357 times
    335 since last reset
  • The average score is 64 of 101
Answer Stats
Country % Correct
USA
90%
Australia
83%
Canada
83%
Germany
81%
UK
80%
France
79%
New Zealand
79%
Mexico
78%
Spain
77%
Russia
76%
South Africa
76%
Finland
75%
Japan
75%
Brazil
74%
Sweden
74%
Argentina
73%
Norway
73%
Poland
73%
Chile
72%
Colombia
72%
India
72%
Italy
72%
Portugal
72%
Indonesia
71%
Ireland
71%
Peru
71%
Austria
70%
China
70%
Denmark
70%
Slovakia
70%
Belgium
69%
Estonia
69%
Greece
69%
Lithuania
69%
Netherlands
69%
Nigeria
69%
Senegal
69%
Slovenia
68%
Thailand
68%
Ukraine
68%
Bulgaria
67%
Hungary
67%
Israel
67%
Latvia
67%
Romania
67%
Uruguay
67%
Croatia
66%
Ecuador
66%
Eswatini
66%
Lesotho
66%
Luxembourg
66%
South Korea
66%
Switzerland
66%
Turkey
66%
Andorra
65%
Czech Republic
65%
Ghana
65%
Guatemala
65%
Iceland
65%
Kenya
65%
Malaysia
65%
Albania
64%
Bolivia
64%
Montenegro
64%
North Macedonia
64%
Serbia
64%
UAE
64%
Botswana
63%
Taiwan
63%
San Marino
62%
Uganda
61%
Bangladesh
60%
Mongolia
60%
Singapore
60%
Tunisia
60%
Cambodia
59%
Egypt
59%
Jordan
58%
Laos
58%
Monaco
58%
Vietnam
58%
Dominican Republic
57%
Bhutan
56%
Kyrgyzstan
55%
Philippines
55%
Malta
54%
Pakistan
54%
Madagascar
53%
Costa Rica
52%
Sri Lanka
52%
Nepal
51%
Qatar
51%
Belarus
50%
Hong Kong
42%
Iraq
39%
Lebanon
39%
Tanzania
37%
Palestine
36%
Mali
25%
Vanuatu
20%
St. Lucia
14%
No matching quizzes found
Score Distribution
Percent of People with Each Score
Percentile by Number Answered
Your Score History
You have not taken this quiz since the last reset